[Event "47. Miedzynarodowy Festiwal Szachowy im."]
[Site "Polanica Zdroj"]
[Date "2011.??.??"]
[Round "8.19"]
[White "Panczuk, Boleslaw"]
[Black "Jurkiewicz, Kazimierz"]
[Result "0-1"]
[WhiteElo "1482"]
[BlackElo "1477"]
[PlyCount "21"]
[EventDate "2011.??.??"]

1. d4 d5 2. c4 e6 3. Nc3 f5 4. e3 dxc4 5. Bxc4 c6 6. Nf3 Bb4 7. O-O Ne7 8. h3
O-O 9. a3 Ba5 10. Bd2 Bc7 11. e4 {blad w zapisie} 0-1

[Event "47. Miedzynarodowy Festiwal Szachowy im."]
[Site "Polanica Zdroj"]
[Date "2011.??.??"]
[Round "9.1"]
[White "Olejarczyk, Bogdan"]
[Black "Kozicz, Andrzej"]
[Result "1/2-1/2"]
[WhiteElo "2137"]
[BlackElo "2014"]
[PlyCount "47"]
[EventDate "2011.??.??"]

1. d4 d5 2. Nf3 e6 3. c4 f5 4. Qc2 c6 5. Bf4 Bd6 6. Bxd6 Qxd6 7. e3 Nf6 8. Nc3
O-O 9. Bd3 Ne4 10. Ne5 Nd7 11. f3 Nxc3 12. Qxc3 Nxe5 13. dxe5 Qc5 14. Qd4 Qb4+
15. Qc3 Qxc3+ 16. bxc3 b6 17. cxd5 exd5 18. Ke2 Re8 19. f4 Be6 20. a4 c5 21.
Ba6 Rab8 22. Rhd1 c4 23. Rd2 Re7 24. Rb1 1/2-1/2

[Event "47. Miedzynarodowy Festiwal Szachowy im."]
[Site "Polanica Zdroj"]
[Date "2011.??.??"]
[Round "9.3"]
[White "Widera, Jan"]
[Black "Skladzien, Romuald"]
[Result "1/2-1/2"]
[WhiteElo "2045"]
[BlackElo "1865"]
[PlyCount "34"]
[EventDate "2011.??.??"]

1. e4 e5 2. Nf3 Nf6 3. Nxe5 d6 4. Nf3 Nxe4 5. c4 Be7 6. Be2 O-O 7. Nc3 Bf5 8.
O-O Qd7 9. d3 Nf6 10. Bg5 c6 11. Re1 Na6 12. d4 h6 13. Bh4 Rfe8 14. a3 Ne4 15.
Bxe7 Nxc3 16. bxc3 Rxe7 17. Qd2 Rae8 1/2-1/2

[Event "47. Miedzynarodowy Festiwal Szachowy im."]
[Site "Polanica Zdroj"]
[Date "2011.??.??"]
[Round "9.4"]
[White "Czech, Mieczyslaw"]
[Black "Galicki, Ryszard"]
[Result "0-1"]
[WhiteElo "1967"]
[BlackElo "1986"]
[Annotator "Doe,John"]
[PlyCount "27"]
[EventDate "2011.??.??"]

1. e4 c5 2. Nf3 Nc6 3. d4 cxd4 4. Nxd4 Nf6 5. Nc3 e5 6. Ndb5 d6 7. Bg5 a6 8.
Bxf6 gxf6 9. Na3 b5 10. Nd5 f5 11. exf5 Bxf5 12. c3 Be7 13. Qd2 O-O 14. Be2 {
dalsze zapisy nieczytelne} 0-1

[Event "47. Miedzynarodowy Festiwal Szachowy im."]
[Site "Polanica Zdroj"]
[Date "2011.??.??"]
[Round "9.5"]
[White "Solek, Zenon"]
[Black "Kwiek, Janusz"]
[Result "1-0"]
[WhiteElo "1883"]
[BlackElo "1778"]
[PlyCount "59"]
[EventDate "2011.??.??"]

1. e4 c5 2. Nf3 Nc6 3. d4 cxd4 4. Nxd4 e5 5. Nb5 d6 6. N5a3 a6 7. Nc3 b5 8. Nd5
Nf6 9. Bg5 Be7 10. Bxf6 Bxf6 11. c3 O-O 12. Bd3 Bg5 13. Nc2 Ne7 14. Nce3 Nxd5
15. Nxd5 f5 16. exf5 Bxf5 17. Bxf5 Rxf5 18. O-O Qf8 19. Qd3 Ra7 20. f3 Raf7 21.
Rfd1 Qc8 22. a4 Qc5+ 23. Kh1 Qf2 24. axb5 axb5 25. b4 h5 26. Rf1 Qb2 27. Ra8+
Kh7 28. g4 g6 29. gxf5 Rxf5 30. Ra7+ 1-0

[Event "47. Miedzynarodowy Festiwal Szachowy im."]
[Site "Polanica Zdroj"]
[Date "2011.??.??"]
[Round "9.6"]
[White "Drazek, Wladyslaw"]
[Black "Winiarski, Kazimierz"]
[Result "0-1"]
[WhiteElo "2063"]
[BlackElo "1967"]
[Annotator "Doe,John"]
[PlyCount "73"]
[EventDate "2011.??.??"]

1. d4 e6 2. e4 d5 3. Nc3 Nf6 4. Bg5 Be7 5. e5 Nfd7 6. h4 a6 7. Qd2 c5 8. Nf3
Nc6 9. dxc5 Nxc5 10. O-O-O h6 11. Bf4 b5 12. Bd3 Bb7 13. Kb1 Qa5 14. Be2 b4 15.
Nxd5 exd5 16. Qxd5 Rd8 17. Qc4 Ne6 18. Bg3 Qc5 19. Rxd8+ Bxd8 20. Qg4 h5 21.
Qh3 Bc8 22. Qh2 Bc7 23. Bd3 g6 24. Re1 O-O 25. Nd2 Kg7 26. f4 Ned4 27. Qg1 Qe7
28. Bf2 Rd8 29. Ne4 a5 30. Nf6 a4 31. Re4 Bb6 32. Be3 b3 33. axb3 axb3 34. cxb3
Nxb3 35. Nxh5+ Kf8 36. Bc2 Nd2+ 37. Kc1 {dalsze zapisy nieczytelne} 0-1

[Event "47. Miedzynarodowy Festiwal Szachowy im."]
[Site "Polanica Zdroj"]
[Date "2011.??.??"]
[Round "9.7"]
[White "Ossowski, Boleslaw"]
[Black "Olszewski, Jerzy"]
[Result "1/2-1/2"]
[WhiteElo "1694"]
[BlackElo "1885"]
[PlyCount "82"]
[EventDate "2011.??.??"]

1. b3 e5 2. e3 g6 3. Bb2 Bg7 4. c4 d6 5. d3 Nf6 6. Nd2 b6 7. Ngf3 Bb7 8. Be2
O-O 9. O-O Nfd7 10. Qc2 Nc5 11. Rad1 Qe7 12. b4 Ne6 13. a3 Nd7 14. d4 exd4 15.
exd4 Rae8 16. Rfe1 Qf6 17. Rb1 Qd8 18. d5 Ng5 19. Nxg5 Qxg5 20. Nf3 Qd8 21. Bd3
Bc8 22. h3 Rxe1+ 23. Rxe1 Re8 24. Rxe8+ Qxe8 25. Bxg7 Kxg7 26. Qe2 Qxe2 27.
Bxe2 Kf6 28. Kf1 Ne5 29. Nd4 a6 30. f4 Nd7 31. g4 g5 32. f5 Ke5 33. Nc6+ Kf4
34. Kf2 Nf6 35. Bd3 Bd7 36. Nb8 Bc8 37. Nc6 Nd7 38. Nd4 Bb7 39. Ne2+ Ke5 40.
Ke3 Nf6 41. Nd4 Nd7 1/2-1/2

[Event "47. Miedzynarodowy Festiwal Szachowy im."]
[Site "Polanica Zdroj"]
[Date "2011.??.??"]
[Round "9.9"]
[White "Przybyl, Jozef"]
[Black "Feliksinski, Tadeusz"]
[Result "1/2-1/2"]
[WhiteElo "1941"]
[BlackElo "1786"]
[PlyCount "52"]
[EventDate "2011.??.??"]

1. e4 d5 2. exd5 Qxd5 3. Nc3 Qa5 4. Nf3 Nf6 5. d4 Bf5 6. Bd2 Qb6 7. Rb1 c6 8.
Bc4 e6 9. O-O Bd6 10. Bb3 O-O 11. h3 Nbd7 12. Be3 Nd5 13. Nxd5 exd5 14. Nh4 Be6
15. c3 Nf6 16. Bc2 Qc7 17. Nf3 Bf4 18. Re1 Rae8 19. Qc1 Bxe3 20. Rxe3 Qf4 21.
Qf1 Bc8 22. Rbe1 Re6 23. Rxe6 Bxe6 24. Qd3 g6 25. Qe3 Qxe3 26. Rxe3 Re8 1/2-1/2

[Event "47. Miedzynarodowy Festiwal Szachowy im."]
[Site "Polanica Zdroj"]
[Date "2011.??.??"]
[Round "9.11"]
[White "Niecko, Stanislaw"]
[Black "Kwiatkowski, Zygmunt"]
[Result "1-0"]
[WhiteElo "1856"]
[BlackElo "1613"]
[PlyCount "89"]
[EventDate "2011.??.??"]

1. e4 c6 2. d4 d5 3. exd5 cxd5 4. c4 Nf6 5. Nc3 e6 6. Nf3 dxc4 7. Bxc4 a6 8. a4
Be7 9. Bg5 O-O 10. O-O h6 11. Bh4 Nbd7 12. Re1 Nb6 13. Bb3 Nbd5 14. Rc1 Nxc3
15. bxc3 Re8 16. Ne5 Nd7 17. Nxf7 Kxf7 18. Bxe6+ Kf8 19. Qh5 Ne5 20. Rxe5 Bxe6
21. Rxe6 Bxh4 22. Rxe8+ Qxe8 23. Qxh4 Qe2 24. Qf4+ Kg8 25. Qe3 Qc4 26. Qe7 Qc6
27. Qb4 Rc8 28. h3 Rc7 29. c4 Qf6 30. d5 Qf4 31. Qc3 b5 32. axb5 axb5 33. c5 b4
34. Qc4 Qxc4 35. Rxc4 b3 36. c6 Kf8 37. Rb4 Ke7 38. Rxb3 Kd6 39. Rb5 Rf7 40. g4
Re7 41. Kg2 g5 42. Rb7 Rxb7 43. cxb7 Kc7 44. Kf3 Kxb7 45. Ke4 1-0

[Event "47. Miedzynarodowy Festiwal Szachowy im."]
[Site "Polanica Zdroj"]
[Date "2011.??.??"]
[Round "9.12"]
[White "Santura, Janusz"]
[Black "Pudlo, Jerzy"]
[Result "0-1"]
[WhiteElo "1856"]
[BlackElo "1702"]
[Annotator "Doe,John"]
[PlyCount "47"]
[EventDate "2011.??.??"]

1. d4 Nf6 2. Nf3 g6 3. c4 e6 4. Nc3 Bg7 5. e4 d6 6. Bg5 Qd7 7. Be2 O-O 8. Qc2
c6 9. O-O Qc7 10. h3 Ne8 11. Bf4 e5 12. dxe5 dxe5 13. Be3 Nd7 14. Rad1 b6 15.
b4 f6 16. Rd2 Kh8 17. Rfd1 Rf7 18. Ne1 Bf8 19. Qb3 Bg7 20. Bg4 Rb8 21. a3 h5
22. Be2 Kh7 23. Qc2 Bb7 24. Nf3 {dalsze zapisy nieczytelne} 0-1

[Event "47. Miedzynarodowy Festiwal Szachowy im."]
[Site "Polanica Zdroj"]
[Date "2011.??.??"]
[Round "9.13"]
[White "Jagiello, Adolf"]
[Black "Lada, Ireneusz"]
[Result "1-0"]
[WhiteElo "1443"]
[BlackElo "2042"]
[PlyCount "23"]
[EventDate "2011.??.??"]

1. Nf3 d5 2. d4 c5 3. e3 Nf6 4. Bb5+ Nbd7 5. c3 g6 6. Ne5 Bg7 7. f4 h6 8. O-O
Rg8 9. Qd3 Bh8 10. Nd2 g5 11. h3 b6 12. dxc5 1-0

[Event "47. Miedzynarodowy Festiwal Szachowy im."]
[Site "Polanica Zdroj"]
[Date "2011.??.??"]
[Round "9.15"]
[White "Budrewicz, Henryk"]
[Black "Wyczalek, Tytus"]
[Result "1-0"]
[WhiteElo "1607"]
[BlackElo "1382"]
[PlyCount "47"]
[EventDate "2011.??.??"]

1. d4 d5 2. Nf3 Nf6 3. Bf4 e6 4. e3 a6 5. Bd3 Nc6 6. c3 Bd6 7. Ne5 Ne7 8. Nd2
Ng6 9. Bg3 c5 10. O-O Bd7 11. Nxf7 Kxf7 12. Bxd6 cxd4 13. exd4 Be8 14. Bg3 Rf8
15. Qe2 Bd7 16. Nf3 Kg8 17. Rfe1 Qe8 18. Bd6 Ne7 19. Ng5 h6 20. Nxe6 Bxe6 21.
Qxe6+ Rf7 22. Bxe7 Qxe7 23. Qxe7 Rxe7 24. Rxe7 1-0

[Event "47. Miedzynarodowy Festiwal Szachowy im."]
[Site "Polanica Zdroj"]
[Date "2011.??.??"]
[Round "9.17"]
[White "Zielinski, Andrzej"]
[Black "Rychlik, Bogdan"]
[Result "1/2-1/2"]
[WhiteElo "1618"]
[BlackElo "1820"]
[PlyCount "26"]
[EventDate "2011.??.??"]

1. d4 d5 2. c4 e6 3. Nc3 Nf6 4. cxd5 exd5 5. h3 h6 6. Bf4 Bd6 7. Bxd6 Qxd6 8.
e3 O-O 9. Bd3 a6 10. Nf3 Nc6 11. a3 Re8 12. O-O Bd7 13. Qc2 Rac8 1/2-1/2

[Event "47. Miedzynarodowy Festiwal Szachowy im."]
[Site "Polanica Zdroj"]
[Date "2011.??.??"]
[Round "9.18"]
[White "Jurkiewicz, Kazimierz"]
[Black "Krawiec, Stanislaw"]
[Result "0-1"]
[WhiteElo "1477"]
[BlackElo "1662"]
[PlyCount "62"]
[EventDate "2011.??.??"]

1. d4 c6 2. Bf4 d6 3. e3 Nf6 4. h3 Nbd7 5. Nf3 e6 6. Nbd2 b5 7. b4 Nd5 8. a3
Nxf4 9. exf4 Bb7 10. Bd3 Be7 11. O-O Qc7 12. Qe2 O-O 13. Qe3 Rfe8 14. Rac1 Nf6
15. c3 g6 16. Bb1 Qd7 17. Rfe1 Bf8 18. Kh2 Nd5 19. Qd3 Nxf4 20. Qc2 Bg7 21. Re3
Qc7 22. Rce1 Re7 23. g3 Nh5 24. Ne4 Rae8 25. Qd3 e5 26. dxe5 dxe5 27. Nc5 Bc8
28. Qe2 f5 29. Nd4 Bh6 30. f4 Nxg3 31. Kxg3 Bxf4+ 0-1

[Event "47. Miedzynarodowy Festiwal Szachowy im."]
[Site "Polanica Zdroj"]
[Date "2011.??.??"]
[Round "9.19"]
[White "Peer, Eli"]
[Black "Panczuk, Boleslaw"]
[Result "1-0"]
[WhiteElo "1693"]
[BlackElo "1482"]
[PlyCount "83"]
[EventDate "2011.??.??"]

1. e4 c5 2. Nf3 d6 3. d4 cxd4 4. Nxd4 a6 5. Nc3 Nf6 6. Nb3 e6 7. Be2 Be7 8. Be3
O-O 9. Bf3 Nc6 10. O-O b5 11. a3 Bb7 12. Bf4 e5 13. Bg3 Qb6 14. Bh4 a5 15. Bxf6
Bxf6 16. Nd5 Qd8 17. Nxf6+ Qxf6 18. c3 a4 19. Nd2 Rad8 20. Qc2 Ne7 21. Rfe1 d5
22. exd5 Bxd5 23. Bxd5 Nxd5 24. g3 Rfe8 25. Qe4 Qd6 26. Nf3 f6 27. Rad1 Qe6 28.
Nd4 Qd7 29. Nf5 Qf7 30. Nh4 Re7 31. Rd3 Red7 32. Red1 g6 33. Ng2 Kg7 34. h4 h5
35. g4 g5 36. hxg5 hxg4 37. gxf6+ Nxf6 38. Qe2 Rxd3 39. Rxd3 Rh8 40. Qxe5 Rh5
41. Qe3 Kg6 42. Nf4+ 1-0